000
00307 a2200121 4500
000
nam a22 7a 4500
005
20260423165106.0
020
_a
9781570759963
100
_a
Swami Vivekananda
_9
209549
245
_a
Swami Vivekananda : Essential Writings
260
_b
Orbis Books
_c
2012
942
_c
TEXL
999
_c
1848468
_d
1848468